Baratha Jana Sabai : Kangaras mahasabaiyin Saritram (Record no. 229650)

MARC details
000 -LEADER
fixed length control field 00495nam a2200193Ia 4500
008 - FIXED-LENGTH DATA ELEMENTS--GENERAL INFORMATION
fixed length control field 240823s9999||||xx |||||||||||||| ||und||
082 ## - DEWEY DECIMAL CLASSIFICATION NUMBER
-- 940.085 Q7
100 ## - MAIN ENTRY--PERSONAL NAME
Personal name Subramaniya Barathi c
245 #0 - TITLE STATEMENT
Title Baratha Jana Sabai : Kangaras mahasabaiyin Saritram
250 ## - EDITION STATEMENT
Edition statement 2nd
260 ## - PUBLICATION, DISTRIBUTION, ETC. (IMPRINT)
Date of publication, distribution, etc 2017
Name of publisher, distributor, etc Sri Puvaneswari Pathi
500 ## - GENERAL NOTE
General note YES
650 ## - SUBJECT ADDED ENTRY--TOPICAL TERM
Topical term or geographic name as entry element Tamil Book
700 ## - ADDED ENTRY--PERSONAL NAME
Personal name Nalli Kuppuswami Chettiar
942 ## - ADDED ENTRY ELEMENTS (KOHA)
Item type Books
Holdings
Withdrawn status Lost status Damaged status Permanent location Current location Date acquired Source of acquisition Cost, normal purchase price Full call number Barcode Date last seen Koha item type
      CENTRAL LIBRARY, NOORUL ISLAM CENTRE FOR HIGHER EDUCATION CENTRAL LIBRARY, NOORUL ISLAM CENTRE FOR HIGHER EDUCATION 03/15/2018 Gift from VC 150.00 940.085 Q7 77946 08/23/2024 Books
Visitors:
Copyright © 2024 Central Library NICHE.  All rights reserved.